| 000 | 00666nam a2200181 a 4500 | ||
|---|---|---|---|
| 008 | 200123s2017 ||||||||||||||||| || u | ||
| 020 | _a9781473989337 | ||
| 050 | _aHV 40. 8. G7 Sco | ||
| 100 | _aScourfield, Peter | ||
| 245 | 1 | 0 |
_aGetting ready for direct practice in social work _cBy Peter Scourfield |
| 260 |
_aLondon _bSAGE _c2017 |
||
| 300 | _aix, 210 pages : illustrations | ||
| 350 | _a19.40 | ||
| 650 | 0 | _aSOCIAL SERVICE | |
| 650 | _aSOCIAL CASE WORK | ||
| 650 | _aSOCIAL WORKERS | ||
| 995 |
_FCBU-MAIN LIBRARY (Kitwe) _I19.40 _M1 _UAVAILABLE _WJan 28, 2020 _ZMedical Library Open Access Collection |
||
| 999 |
_c44554 _d44554 |
||